00958nam a22002177a 4500999001700000003000900017008004100026040007100067082002000138110007300158245005900231260007400290300004300364440003100407505009800438650003700536650003200573942001600605945002000621952009900641  c15954d15954AR-CdUCM190430b           ||||| |||| 00| 0 spa d  aMUNICIPALIDAD PROVINCIAL DEL CUSCOcBIBLIOTECA MUNICIPAL DEL CUSCO  aEP / 398 /bP26  aMinisterio de educación, unidad de servicios educativos 05.935172  aRed educativa n° 7 :bUSE 05 San Juan de Lurigancho /  aPeru :bMinisterio de educación, unidad de servicios educativos 05,  a31 páginas ;c29 cm.bIlustraciones.  aPara leer, gozando.935173  aContenido :Mi experiencia -- El gato y la paloma -- Mi gatito -- Amor filial -- Madrecita ...  aDerecho a la educación.935174  aEducación primaria.91561  2ddccLIBROS  arumd2019-04-30  002ddc4070aSIbSIcCHILDd2019-04-30g10.00oEP / 398 / P26pSI00004191r2019-04-30yLIBROS